000
00278nam a22001097a 4500
082
_a
355.09 FAZ'M
100
_a
FAZAL-UR-REHMAN SYED COLONEL
_9
73700
245
_a
MILITARY HISTORY A SCIENTIFIC PERSPECTIVE
260
_a
RAWALPINDI
_b
BOKHARI
_c
1979
300
_a
115P
942
_c
BK
999
_c
579356
_d
579356